Normal view
MARC view
Entry Personal Name
001 - CONTROL NUMBER
- control field: 46054
003 - CONTROL NUMBER IDENTIFIER
- control field: OSt
005 - DATE AND TIME OF LATEST TRANSACTION
- control field: 20240612145926.0
008 - FIXED-LENGTH DATA ELEMENTS
- fixed length control field: 240612|| aca||aabn | a|a d
040 ## - CATALOGING SOURCE
- Original cataloging agency: OSt
- Transcribing agency: OSt
100 ## - HEADING--PERSONAL NAME
- Personal name: Sakthivel, M., Kumar, S.S. and Krishnan, C.G.
670 ## - SOURCE DATA FOUND
- Source citation: Work cat.: (OSt)524424: Sakthivel, M., Kumar, S.S. and Krishnan, C.G. , Protection and rehabilitation of manual scavengers in India: A critical analysis
